000 01481nam a22002177a 4500
008 110222t xxu||||| |||| 00| 0 eng d
082 _a323.6
_bو ف ا
100 _915967
_aوفا ، دينا محمد حسن
245 _aدور المواطن في مراقبة الجهاز الإداري في مصر :
_bتجارب من الخبرات الدولية (التجربة الأمريكية والبريطانية) /
_cدينا محمد حسن وفا
260 _aالقاهرة :
_bدار النهضة العربية ، 2010
_c2010
300 _a305 ص ؛
_c22 سم
504 _aيشتمل على ببليوجرافية ص 282-303
541 _aد. دينا محمد حسن وفا ؛
650 _922256
_aالمواطنة
650 _914803
_aالرقابة الإدارية
942 _2ddc
_cBB
999 _c14955
_d14955